Statistics for Name Countries that have the most colors on their flags

Click here to take the quiz!

General Stats

  • This quiz has been taken 31 times
  • The average score is 4 of 11

Answer Stats

HintAnswer% Correct
2South Africa
76%
8Seychelles
66%
9Central African Republic
62%
5Mozambique
38%
11Zimbabwe
38%
10Dominica
31%
7Saint Kitts and Nevis
24%
1Comoros
21%
4Eswatini
21%
6Namibia
21%
3South Sudan
14%

Score Distribution

Percentile by Number Answered

Percent of People with Each Score

Your Score History

You have not taken this quiz